<?xml version="1.0" encoding="UTF-8"?>
<marc:record xmlns:marc="http://www.loc.gov/MARC21/slim">
   <marc:leader>00000nam a2200000 a 4500</marc:leader>
   <marc:datafield ind1="1" ind2=" " tag="100">
      <marc:subfield code="a">Simoni, Marcello</marc:subfield>
      <marc:subfield code="4">aut</marc:subfield>
      <marc:subfield code="e">Verfasser/-in</marc:subfield>
   </marc:datafield>
   <marc:datafield ind1="0" ind2="0" tag="245">
      <marc:subfield code="a">Der Händler der verfluchten Bücher</marc:subfield>
   </marc:datafield>
   <marc:datafield ind1="0" ind2="0" tag="245">
      <marc:subfield code="b">Historischer Thriller</marc:subfield>
   </marc:datafield>
   <marc:datafield ind1="0" ind2="0" tag="245">
      <marc:subfield code="c">Marcello Simoni</marc:subfield>
   </marc:datafield>
   <marc:datafield ind1=" " ind2="1" tag="264">
      <marc:subfield code="b">Herman-Josef Emons Verlag</marc:subfield>
      <marc:subfield code="c">2013</marc:subfield>
   </marc:datafield>
   <marc:datafield ind1="1" ind2=" " tag="520">
      <marc:subfield code="a">Venedig 1218: Eine geheimnisvolle Handschrift steht im Zentrum einer tödlichen Intrige ...Venedig 1218: Der Reliquienhändler Ignazio da Toledo erhält den Auftrag, das gefährlichste Buch der Welt zu beschaffen. Denn wer das "Uter Ventorum" besitzt, vermag sich zum Herrscher des Universums aufzuschwingen. Gemeinsam mit dem unerschrockenen Franzosen Willalme und dem jungen Schreiber Uberto begibt Ignazio sich auf die abenteuerliche Suche nach der Handschrift.  Auf einer Reise quer durch das mittelalterliche Italien werden die drei Gefährten vor etliche Rätsel gestellt - und geraten in tödliche Gefahr. Denn auch andere, dunkle Mächte wollen das Buch um jeden Preis in ihren Besitz bringen und schrecken vor nichts zurück ...</marc:subfield>
   </marc:datafield>
   <marc:datafield ind1=" " ind2=" " tag="020">
      <marc:subfield code="a">9783954511938</marc:subfield>
      <marc:subfield code="9">9783954511938</marc:subfield>
   </marc:datafield>
   <marc:datafield ind1=" " ind2=" " tag="020">
      <marc:subfield code="a">3954511932</marc:subfield>
      <marc:subfield code="9">3954511932</marc:subfield>
   </marc:datafield>
   <marc:datafield ind1=" " ind2=" " tag="500">
      <marc:subfield code="a">Aus dem Italienischen von Barbara Neeb und Katharina Schmidt.</marc:subfield>
   </marc:datafield>
   <marc:datafield ind1=" " ind2=" " tag="300">
      <marc:subfield code="a">367 S.</marc:subfield>
   </marc:datafield>
</marc:record>
